[Event "Thessaloniki Triandrias 4th"]
[Site "Thessaloniki"]
[Date "2011.04.26"]
[Round "1"]
[White "Goumas, Georgios"]
[Black "Lolos, Ioannis"]
[Result "1-0"]
[WhiteElo "2310"]
[BlackElo "1996"]
[PlyCount "95"]
[EventDate "2011.04.26"]
[EventType "swiss"]
[EventRounds "7"]
[EventCountry "GRE"]
[SourceTitle "EXT 2024"]
[Source "ChessBase"]
[SourceDate "2023.10.10"]
[SourceVersion "1"]
[SourceVersionDate "2023.10.10"]
[SourceQuality "1"]

1. c4 e6 2. Nc3 d5 3. e3 c6 4. Nf3 f5 5. Be2 Nf6 6. b3 Bd6 7. Bb2 0-0 8. 0-0 Bd7 9. Rc1 Be8 10. Qc2 Bg6 11. h3 Qe7 12. Nh4 Bh5 13. cxd5 Bxe2 14. Nxe2 Nxd5 15. Nf3 Nb4 16. Qb1 e5 17. d3 Nd7 18. Nd2 Nc5 19. Rc3 Nd5 20. Rc4 b5 21. Rcc1 Nb4 22. Rc3 e4 23. dxe4 fxe4 24. Rxc5 Bxc5 25. Nxe4 Rad8 26. Nd4 Rd5 27. a3 Bxd4 28. Bxd4 Na6 29. b4 Re8 30. Ng3 Qf7 31. Rc1 Nb8 32. Qb2 h5 33. h4 Re6 34. Ne2 Re4 35. g3 Rd6 36. Qb1 Qf3 37. Qa2+ Kh7 38. Qc2 Rg6 39. Nf4 Rxf4 40. exf4 Qxa3 41. f5 Rd6 42. f6+ g6 43. Bc3 Qa6 44. Re1 Rd7 45. Re7+ Rxe7 46. fxe7 Qc8 47. Qe4 Qe8 48. Qe5 1-0

[Event "Thessaloniki Triandria op 3rd"]
[Site "Thessaloniki"]
[Date "2010.04.??"]
[Round "?"]
[White "Argiroudis, Stamatis"]
[Black "Lolos, Ioannis"]
[Result "1-0"]
[WhiteElo "2284"]
[BlackElo "1999"]
[PlyCount "131"]
[EventDate "2010.04.10"]
[EventType "swiss"]
[EventRounds "9"]
[EventCountry "GRE"]
[SourceTitle "EXT 2011"]
[Source "ChessBase"]
[SourceDate "2010.11.26"]
[SourceVersion "1"]
[SourceVersionDate "2010.11.26"]
[SourceQuality "1"]

1. d4 e6 2. c4 f5 3. Nf3 Nf6 4. e3 d5 5. Bd3 Bd6 6. 0-0 0-0 7. b3 c6 8. Ba3 Bxa3 9. Nxa3 Qe7 10. Qc1 Ne4 11. Qb2 Bd7 12. b4 a6 13. Ne5 Be8 14. f3 Nd6 15. c5 Nf7 16. Nc2 Nxe5 17. dxe5 Nd7 18. f4 g5 19. Nd4 Rf7 20. Kh1 g4 21. Qf2 Nf8 22. Rac1 Bd7 23. a4 Rg7 24. Nb3 Qe8 25. Na5 Rb8 26. Qe2 Qd8 27. Nb3 Be8 28. Nd4 Rg6 29. g3 h5 30. b5 axb5 31. axb5 h4 32. Kg2 Qe7 33. Qb2 cxb5 34. Bxb5 Nd7 35. Bxd7 Qxd7 36. Qb6 Rc8 37. Ra1 Rc7 38. Qd6 hxg3 39. Qxd7 Bxd7 40. hxg3 Rg7 41. Rfb1 Bc8 42. Rb5 Rge7 43. Ra8 Kf7 44. Rb8 Kg6 45. Nb3 Rh7 46. Rb6 Rhe7 47. Rd6 Bd7 48. Nd4 Kf7 49. Rd8 Be8 50. Nb3 Bc6 51. Rh8 d4+ 52. Kf2 dxe3+ 53. Kxe3 Be8 54. Kd4 Kg7 55. Rh2 Bc6 56. Na5 Bd5 57. Rb2 Re8 58. Rxd5 exd5 59. Rxb7 Rxb7 60. Nxb7 Kf8 61. Kxd5 Ke7 62. Nd6 Rf8 63. c6 Kd8 64. e6 Rg8 65. c7+ Kxc7 66. e7 1-0